[Event "Euwe intern 2007-2008"]
[Site "?"]
[Date "2008.04.24"]
[Round "2.14"]
[White "Witt, Rob"]
[Black "Van den Brekel, Hubrecht"]
[Result "1-0"]
[WhiteElo "2252"]
[BlackElo "1937"]
[Annotator "Witt"]
[PlyCount "141"]
[EventDate "2008.??.??"]

{Bij het bekend worden van de indeling stelde Hubrecht meteen voor om maar
gelijk een biertje te nemen, maar ik herinnerde me nog al te goed een
hardhandige nederlaag tegen hem toen ik van een bedrijfsborrel kwam, en sloeg
zijn aanbod beleefd af.} 1. Nf3 Nf6 2. c4 g6 3. Nc3 Bg7 4. e4 d6 5. d4 O-O 6.
Be2 c5 7. O-O (7. d5 {leidt tot de Benoni, waarbij zwart een aantal
gevaarlijke varianten vermeden heeft.}) 7... Nc6 {Deze vlot gespeelde zet heb
ik nooit tegen me gehad.} (7... Bg4 {speelde Lex Jongsma een paar jaar geleden
tegen me in de knsb.}) (7... cxd4 8. Nxd4 Nc6 {leidt tot de Siciliaanse
Maroczy.}) 8. d5 {3'} Nb4 {7' Dit wordt zelden gespeeld.} (8... Na5 {is
gebruikelijk.}) 9. a3 {8' Dit word t meestal gespeeld, maar er is ook wat voor
te zeggen om het paard maar gewoon te laten staan op dit slechte veld en
verder te ontwikkelen met bijv. h3; Lf4; Dd2, en op e7-e6xd5 met de e-pion
terug te slaan.} Na6 10. h3 e6 $6 {Een twijfelachtige nieuwe zet.} ({was nog
bekend uit een handvol partijen.} 10... Nc7) 11. dxe6 {17'} fxe6 {10'} ({
Misschien was het alternatief} 11... Bxe6 {iets beter. Maar ook dan staat wit
goed na bijv.} 12. Qb3 {gevolgd door zetten als Lf4 en Td1.}) 12. Bg5 Nc7 {14'}
13. e5 {22'  Dit leek me min of meer gedwongen omdat anders zwart e6-e5 speelt,
gevolgd door Pc7-e6-d4.} dxe5 14. Qxd8 {Niet slecht, maar nog beter was de zet
die ik in het geheel niet overwogen heb, nl.} (14. Qc2 $1) 14... Rxd8 15. Nxe5
Rf8 {18'  Gaat uit de penning om eventueel met Pe4 te kunnen vervolgen.} 16.
Nd3 {31'} ({Ik liet het voor de hand liggende} 16. f4 {na wegens} Nd7 17. Be7
Nxe5 (17... Re8 18. Bd6 $16) 18. Bxf8 Kxf8 19. fxe5+ Ke7 {en het leek me dat
zwart met zijn sterke zwarte loper en een pion voldoende compensatie haaft
voor de kwaliteit. Rybka en Fritz bevestigen dat oordeel niet en gaan verder
met} 20. Rf3 Bd7 (20... Bxe5 $2 21. Raf1 $16) 21. Re3 Bh6 22. Rd3 Bf4 23. Ne4 {
en nu blijkt dat zwart pion e5 niet zo makkelijk krijgt, bijv.} Na6 24. Nf6 Bc6
25. Ng4 h5 26. Rf1 $16 {Dus lijken de computers gelijk te hebben, maar over
mijn eigen zet was ik ook niet ontevreden.}) 16... Nd7 {26'} ({Ik verwachtte} 
16... b6 {en plande dan iets als} 17. Bf3 Rb8 18. Rfe1 Nfe8 19. Ne4 Ba6 20.
Rac1 {en wit staat prettig zonder dat er iets beslissends te zien is.}) 17.
Rad1 {Over 47'.} ({Niet overtuigend leek me} 17. Be7 Rf7 18. Bxc5 (18. Bd6 Ne8
19. Bg3 $14) 18... Nxc5 19. Nxc5 Bxc3 {Misschien niet de beste?} 20. bxc3 b6
21. Ne4 {al staat wit ongetwijfeld iets beter.}) 17... Ne8 {Nog 49'. Hubrecht
blijft creatieve paardzetten doen. De bedoeling is om te vervolgen met Pe5 of
evt. Pd6.} (17... b6 18. Bg4 $14) 18. Bg4 {42'} (18. Rfe1 $5) 18... Ne5 {46'}
19. Nxe5 {35'  Het was moeilijk kiezen tussen de tekstzet en twee
alternatieven. Alledrie de zetten lijken voordeel te geven.} ({Mijn
oorspronkelijke bedoeling was achteraf het beste} 19. Be7 Nxd3 20. Rxd3 (20.
Bxf8 Nxb2 21. Bxg7 Nxd1 22. Rxd1 Nxg7 23. Rd8+ Kf7 24. Ne4 h5 25. Bd1 $16)
20... Rf4 (20... Rf7 21. Bxc5 Rc7 22. Be3 Rxc4 23. Nb5 {met groot voordeel.})
21. Rd8 Kf7 22. Bg5 $1 {Die had ik gemist.} ({Ik had alleen gekeken naar} 22.
Bxc5 Rxc4 23. Be3 Bf6 {wat niet zo duidelijk is.}) 22... Rxc4 23. Bxe6+ {
met groot voordeel.}) (19. Nxc5 {lijkt ook goed voor wit. Bijv.} Nxg4 20. hxg4
h6 21. Be3 $16) 19... Bxe5 20. Be3 {25'} b6 21. f4 (21. Rfe1 $5) 21... Bc7 $2 {
38'} ({Achteraf vond Hubrecht dat hij had moeten kiezen voor} 21... Bxc3 22.
bxc3 {en nu is het beste} Rb8 ({We bekeken alleen} 22... Nf6 {maar dan is} 23.
Bf3 Rb8 24. f5 {sterk.}) 23. Rd8 Nf6 24. Rxc8 Rbxc8 25. Bxe6+ Kg7 26. Bxc8 Rxc8
{en hier heeft zwart goede remisekansen ondanks de witte pluspion.}) ({Zelf
verwachtte ik} 21... Bf6 {wat me ook niet zo duidelijk leek.}) 22. Nb5 {24'} a6
$6 {34'} 23. Nxc7 Nxc7 24. b4 $1 {22'  Ik dacht dat ik hier ging winnen en ook
Hubrecht zag het somber in. Hoe kon ik vermoeden dat me nog de hel stond te
wachten.} e5 $1 {30'  Het uitroepteken is niet vanwege de kwaliteit van de zet,
maar vanwege het verrassingseffect, waardoor ik in verwarring raak.} (24...
cxb4 25. Bxb6 $18) 25. bxc5 $2 {20'  Slecht gerekend.} ({Hubrecht verwachtte} 
25. fxe5 {wat in ieder geval beter is dan de tekstzet.} Rxf1+ 26. Kxf1 Bxg4 27.
hxg4 $16) ({Nog beter was} 25. Bf3 $1 {een zet die we ook in de nazit gemist
hebben. Ik zie niet wat zwart nog kan doen. Rybka geeft} Rb8 26. bxc5 b5 27.
cxb5 Rxb5 28. fxe5 $18) 25... bxc5 $2 {27'  Geeft wit een nieuwe kans.} ({
Noodzakelijk was} 25... Bxg4 26. hxg4 exf4 27. Rxf4 bxc5 28. Rxf8+ Rxf8 {
en zwart kan nog vechten.}) 26. Bxc5 $2 {19'} ({Opnieuw missen we allebei het
sterke} 26. Bf3 $1 $18) 26... Bxg4 {26'} 27. hxg4 {18'} Rxf4 28. Rxf4 exf4 29.
Rd7 {17'} (29. Rd6 $1 $14) 29... Ne6 {24'} (29... Rc8 $5) 30. Bd6 Rc8 31. Re7
Nd4 {23'} 32. Bxf4 {13'} (32. c5) 32... Rxc4 33. Bh6 Nb5 {21'} 34. Rg7+ {12'}
Kh8 35. a4 {10'} Nc3 $2 {18'. Het was moeilijk te zien, maar beter was het
riskant ogende} (35... Nc7 $1 {Lijkt eng omdat toren niet meer terug kan naar
de onderste rij, maar wit kan niet profiteren.} 36. Rf7 Ne6 37. Re7 (37. Ra7
Nc7) 37... Nc7 {en ik zie niet hoe wit vorderingen kan maken.}) 36. a5 $2 {9'}
(36. Ra7 $1 {had ik wel gezien, maar ik dacht dat de volgorde niet uitmaakte.}
Kg8 {only move.} 37. a5 {met goede winstkansen.}) 36... Nb5 {15'  Gemist. Nu
kan de toren niet naar a7 om de a-pion op te halen.} 37. Rf7 Rc8 38. g5 $6 {7'}
(38. Rf6 Ra8 39. Bc1 {bood waarschijnlijk betere kansen.}) 38... Kg8 {14'} 39.
Rg7+ Kh8 40. Rd7 Kg8 {Allebei een kwartier erbij. De stelling zal remise zijn,
maar ik kan het nog proberen.} 41. Rg7+ Kh8 42. Rb7 {20'} Kg8 {29'} 43. Rb6 Nc7
{25'} 44. Kf2 {19'} Rd8 45. Kf3 Re8 {22'} 46. Rf6 {18'} Ne6 {20'} 47. Kg4 Re7 {
17'} 48. g3 Re8 49. Rf1 {16'} Nd4 50. Rf6 Ne6 51. Kh4 Re7 {13'} 52. Rf1 Rf7 {
11'} 53. Rb1 {15'} Rf5 {9'} 54. Rb6 {13'} Nc7 {8'} 55. Rb7 Ne6 {6'} 56. Re7 {
12'} Re5 {5'} 57. g4 $2 {11'  Een slechte zet, die bedoeld was als valstrik.
Ik mag echter blij zijn dat ik zelf niet mat ga.} ({Ik had het moeten proberen
met} 57. Kg4 Re4+ 58. Kf3 Re5 59. Kf2 {met praktische kansen omdat ik
inmiddels veel meer tijd heb.}) 57... Re4 $2 {4'} ({Hubrecht kon meteen remise
maken met} 57... Re3 $1 58. Bg7 {only move.} ({De witte toren mag niet van de
e-lijn weg wegens} 58. Ra7 Rf3 $1 $19 ({Vooral niet} 58... Nf4 $2 {dat was de
valstrik.} 59. Ra8+ Kf7 60. Rf8+ Ke6 61. Rxf4)) 58... Nf4 59. Rxe3 Ng2+ 60. Kg3
Nxe3 $11) 58. Ra7 Nd4 $2 (58... Re3 $11) 59. Rg7+ $2 {9'} ({Er was niks tegen} 
59. Rxa6 $16) 59... Kh8 60. Kg3 (60. Rf7 $5) 60... Re8 {2'} 61. Ra7 {8'} Kg8 {
1'} 62. Rxa6 {Inmiddels sta ik weer gewonnen en met 8' tegen 1' kan er geen
twijfel meer bestaan over de uitslag.} Nb3 63. Ra7 {7'} Nc5 64. Rg7+ Kh8 65.
Rc7 Na6 66. Ra7 Nb4 67. Bg7+ $2 ({Verpest nog niks, maar} 67. a6 {won
eenvoudig.}) 67... Kg8 68. Bd4 {Moeiteloos vind ik het slechtste veld voor de
loper.} Nc6 69. Rg7+ Kf8 70. Bf6 Nxa5 71. Rxh7 {Vanaf hier heb ik niet meer
genoteerd. Ik heb nog 5' en Hubrecht iets van 30" denk ik. Op een gegeven
moment won ik ook de g-pion, maar ging vervolgens mijn gewonnen eindspel
systematisch verpesten. Hubrecht schijnt nog ergens een dolle toren gehad te
hebben, maar het leek allemaal niet uit te maken omdat ik op enig moment nog
2'18" had en Hubrecht nog 2". Ik lette niet meer goed op omdat Hubrechts vlag
toch elk moment kon vallen en toen deed ik een onreglementaire zet omdat ik
overzag dat ik schaak stond. Dat betekende dat Hubrecht er weer 2' bij kreeg
en de stelling was inmiddels remiseachtig. Net toen het het beruchte eindspel
van Toren + Loper tegen Toren dreigde te worden, deed Hubrecht het fout en won
ik zijn toren en daarmee de partij. Heel slecht voor mijn hart, dit soort
partijen.} 1-0

[Event "Wageningen-Euwe 5-5"]
[Site "?"]
[Date "2008.04.19"]
[Round "9"]
[White "Witt, Rob"]
[Black "Afek, Yochanan"]
[Result "1-0"]
[WhiteElo "2252"]
[BlackElo "2327"]
[Annotator "Witt"]
[PlyCount "41"]
[EventDate "2008.??.??"]

{De laatste ronde knsb speelden we uit tegen Wageningen. Voor beide teams
stond niks meer op het spel, behalve dan natuurlijk de eer. Tot mijn
verrassing kreeg ik aan bord 3 IM Yochanan Afek tegenover me. Normaal speelt
hij achter Timman aan bord 2, zodat ik bij mijn voorbereiding geen rekening
met hem had gehouden.} 1. d4 Nf6 {Een lichte verrassing omdat hij vaak een
obscure variant van het Aangenomen Damegambiet speelt. Achteraf zag ik dat hij
ook Wolga Gambiet en Koningsindisch speelt.} 2. c4 c5 3. d5 e6 {Geen Wolga dus,
maar Moderne Benoni.} 4. Nc3 exd5 5. cxd5 g6 6. Nf3 {5'} Bg7 {4'} 7. Bf4 {
7' Tegen Benonispelers open ik de laatste jaren 1.Pf3 zodat ik nauwelijks op
de hoogte ben van moderne varianten. Ik besloot te kiezen voor een oude
variant die ik vroeger wel met Paul van der Sterren en Filip Goldstern
geanalyseerd heb.} O-O {5' Vlot gespeeld.} ({De bovengenoemde oude variant
gaat verder met} 7... d6 8. Qa4+ Bd7 9. Qb3 {en nu} Qc7 ({Of het scherpe} 9...
b5 {van Winants.}) 10. e4 O-O 11. Nd2 Nh5 12. Be3 f5 13. exf5 gxf5 14. Be2 {
met een partij Kortschnoi-Nunn uit 1984 als voorbeeld.}) 8. Bd6 {18' Ik zag
geen weerlegging, dus nam ik de uitdaging aan.} Re8 ({Teamleider Dalomons
vroeg mij naderhand of zwart niet beter een kwaliteit kan offeren met} 8... Qb6
{Maar na} 9. Bxf8 Qxb2 {had ik gezien dat ik een sterk antwoord had in} 10. Qc1
$1 {en na} Qxc1+ 11. Rxc1 Bxf8 {heeft zwart wel wat compensatie maar niet
genoeg denk ik.}) 9. Bxc5 {20'} b5 $5 {11' Een nieuwe zet.} (9... Ne4 10. Bd4
Nxc3 11. bxc3 Qa5 12. Bxg7 Kxg7 13. Qd4+ {Roeder (2459) -Petkovski (2265)
Ohrid 2001 (55.1-0)}) ({Interessant is misschien de suggestie van Rybka en
Fritz} 9... Na6 10. Bd4 b6 11. e3 Bb7 12. Bc4 Rc8 13. Nd2 $14) 10. a3 {28'  Ik
wilde niet dat de zwarte pion naar b4 kwam. Achteraf lijken de alternatieven
toch beter.} (10. e3 d6 11. Ba3 {Dit zou ik zo voor het bord nooit aandurven,
maar Rybka vindt het beter voor wit. Ik waag dat te betwijfelen na bijv.} a6
12. Be2 Qb6 13. Qd4 Nbd7 14. O-O Bb7 15. Rac1 Nc5 $13) ({Interessant is} 10.
Bd4 {Waarschijnlijk is} b4 {nu minder goed wegens} 11. Nb5 {Maar ik ga me niet
onvoorbereid in dit soort verwikkelingen storten tegen iemand als Afek, die
erom bekend staat dat hij veel weet van sllerlei obscure variantjes.}) 10...
Na6 {15'} 11. Bd4 {31'} b4 $6 {A tempo gespeeld, maar misschien niet de beste.}
(11... Nc7 12. e3 a6 13. Bb6 Rb8 14. Ba5 d6 {met gelijke kansen volgens Rybka.}
) 12. axb4 Nxb4 13. e3 {33'} Bb7 {20'} 14. Qb3 $1 {38'  Ik ben niet van plan
mijn pluspion zonder slag of stoot op te geven.} a5 {21'} 15. Bc4 {39'} Rb8 {
26'} 16. O-O {43'  Ik was hier zeer tevreden en terecht.} Nbxd5 $2 {29' 
Overziet wits volgende zet.} ({Na de partij suggereerde Afek} 16... Bxd5 {
maar na} 17. Nxd5 Nbxd5 18. Qa2 {staat wit ook zeer goed.}) ({Dan maar} 16...
d6 {en met een pion minder verder spelen, verzuchtte Afek ("and anything can
happen"). Dat is natuurlijk waar, maar wit staat prachtig.}) 17. Ba7 $1 {
45'  De weerlegging.} a4 {42'} ({Ik had ook nog gekeken naar het relatief
betere} 17... Ra8 18. Qxb7 Nxc3 19. bxc3 Qc8 {en zwart wint het stuk weer
terug, maar er resteert een puinhoop na} 20. Bxf7+ Kxf7 21. Qb3+ Kf8 22. Ng5 ({
Of simpel} 22. Rxa5 $18) 22... Re7 23. Rxa5 d6 24. Qa3 $18) 18. Rxa4 {46'} Bc6
(18... Ba6 19. Bxb8 Bxc4 20. Qxc4 Nxc3 21. Bc7 Ne2+ 22. Kh1 d5 23. Qc6 $18) 19.
Bxb8 {49'} Nxc3 {46'} 20. Bxf7+ {1.03'} Kh8 21. bxc3 {En na een minuut of
twintig piekeren, feliciteerde Afek me. Geen echte partij maar toch wel lekker
tegen een IM.  De wedstrijd had een spannend verloop. We konden een 31/2-11/2
voorsprong niet vasthouden en uiteindelijk werd het 5-5.} 1-0

[Event "Massakamp Euwe-Paul Keres"]
[Site "?"]
[Date "2008.05.24"]
[Round "?"]
[White "Van de Fliert, Willem"]
[Black "Witt, Rob"]
[Result "1-0"]
[WhiteElo "2186"]
[BlackElo "2259"]
[Annotator "Witt"]
[PlyCount "55"]
[EventDate "2008.??.??"]

{Voor het 5e en laatste jaar de massakamp tegen Paul Keres. Aan bord 3 trof ik
een tegenstander die ook al heel wat jaartjes meeloopt, maar waar ik nog nooit
tegen gespeeld had. Over de partij zou ik kort kunnen zijn. Wit speelt een
pretentieloze variant tegen mijn Frans. Ik zat even niet op te letten en
blunderde op de 20e zet. Met een niet al te moeilijk paardoffer maakt wit het
krachtig uit. Maar is dat ook zo?} 1. e4 e6 2. d4 d5 3. Nc3 Nf6 4. Bg5 dxe4 5.
Nxe4 Be7 6. Nxf6+ {Nooit eerder gezien en dit kan ook niks bijzonders zijn,
was mijn eerste gedachte. Toch blijken er met deze zet ruim 400 partijen in
mijn database te zitten. Onder de witspelers treffen we redelijke spelers aan
als Capablanca, Botwinnik, Smyslov, Spassky, Anand, etc.} Bxf6 7. Bxf6 {3'}
Qxf6 {3'} 8. Nf3 O-O {4'} 9. Bd3 {5'} Nd7 $6 {9' Beter is meteen c5 zodat
zwart nog eventueel het paard naar c6 kan ontwikkelen.} (9... c5 10. dxc5 (10.
O-O cxd4 11. Nxd4 Rd8 12. Nf3 Nc6 13. c3 e5 14. Qc2 g6 15. Be4 Bf5 16. Rfe1 Rd7
17. Qe2 Bxe4 18. Qxe4 Rad8 {Gashimov -Radjabov, Baku 1998 (51.0-1)}) 10... Qxb2
11. O-O Nd7 12. Rb1 Qxa2 13. Ng5 h6 14. Ne4 Qd5 {Polgar,J - Bareev, Geneve
1996 (49.0-1)}) 10. Qe2 {12' Wit wil e5 niet toelaten.} c5 {13'} 11. Qe4 {21'}
g6 12. c3 {29'} (12. O-O-O {is het alternatief.}) 12... Rb8 {16' Tijdens en
kort na de partij dacht ik dat dit een verloren zet was, maar in de analyse
bleek er niks mis mee.} 13. Ne5 {36'} cxd4 {19'} 14. cxd4 Qe7 {33' De eerste
nieuwe zet.} ({Ik koos niet voor} 14... Nxe5 {omdat ik dan geen mogelijkheden
zag om op winst te spelen. Toch is dat eigenlijk onzin. Ook in gelijke
stellingen kun je op winst spelen als je maar nauwkeurig speelt. Ter
illustratie de volgende partij.} 15. Qxe5 (15. dxe5 Qe7 16. O-O b6 $11) 15...
Qxe5+ 16. dxe5 Bd7 17. Be4 $6 Rfc8 18. Kd2 $6 Rc5 19. f4 Bc6 $1 20. Bxc6 bxc6
$1 21. Rab1 Rd8+ 22. Ke3 Rc2 $15 {Alburt - De Firmian, Newark 1995 (43.0-1)}) (
{Tijdens de analyse konden we niks vinden tegen het natuurlijke} 14... b6) 15.
O-O Nf6 {Een wat riskante zet. Ik had het idee dat ik alleen maar op winst kon
spelen door tegen de geïsoleerde pion te spelen en me ondertussen niet mat te
laten zetten.} (15... Nxe5 16. dxe5 b6 $11) 16. Qf4 {44'} Bd7 {36'} 17. Rfe1 {
46'} Rfd8 {40' En dit is echt riskant, hoewel ik me van geen kwaad bewust was.}
18. Bc4 {Over 51'} Bc6 {Over 59'} 19. Rad1 {43'} ({We dachten allebei dat het
paardoffer op f7 niks was, Maar Rybka denkt daar anders over. De hoofdvariant
luidt} 19. Nxf7 Kxf7 20. Rxe6 ({Mijn tegenstander had gezien dat} 20. g4 {
wordt weerlegd door} g5 $1 $19) 20... Qxe6 21. Qc7+ Bd7 22. Bxe6+ Kxe6 23. Re1+
Kf7 24. Qc4+ Kf8 25. Qc5+ Kg8 26. Qxa7 Bc6 27. Qc5 $14 {Ik heb echter het idee
dat zwart geen enkel gevaar loopt.}) 19... Bd5 {57'  Hier was ik eerlijk
gezegd zeer tevreden. Paardoffers op f7 zijn uit de lucht en wit heeft geen
aanval. Tijd om de torens te verdubbelen op de d-lijn.} 20. b3 Rd6 $1 {51' 
Bij het invoeren van de partij had ik deze zet van ?? willen voorzien. In
werkelijkheid verdient de zet een ! Enerzijds omdat de zet positioneel goed is
en anderzijds omdat de zet een duivelse verleiding bevat.} 21. Nxf7 $2 {
39'  En wit trapt erin! Dit opffer is niet correct! De werkelijkheid is dat ik
mezelf hier vervloekte dat ik zo'n simpele wending had overzien. Zwart zit in
allerlei penningen.} Kxf7 {49'} 22. Bxd5 {En alle zwarte stukken die d5 kunnen
slaan, staan gepend.} Rbd8 $4 {47'  Ik dac ht niet eens meer serieus na en ook
bij de post-mortem hebben we hier niet meer serieus gekeken.} ({Rybka komt met
de achteraf simpele weerlegging. Je moet gewoon een van de penningen opheffen
en dat doe je met} 22... g5 $3 {Zwart staat gelijk op winst.} 23. Bxe6+ (23.
Qxg5 Rxd5 $19) (23. Qe5 Nxd5 $19) 23... Rxe6 24. Rxe6 gxf4 25. Rxe7+ Kxe7 $19)
23. Bc4 $18 {37'  De rest speelt zich vanzelf.} Kg7 $2 {45'  Ook niet handig,
maar veel maakt het niet uit.} (23... Kg8) 24. Qe5 {35'} Kf7 {41'} 25. Rd3 {24'
} Nd5 26. h4 {21'} h5 {38'} 27. Rf3+ {20'} Kg8 28. Bd3 {15'  En ik
feliciteerde mijn tegenstander. Later aan de bar zei ik tegen Arne Moll: "Wat
stom dat ik Pxf7 overzien heb." "Dat was inderdaad heel slecht" beaamde Arne.}
1-0